Medical apartheid : (Record no. 408)

MARC details
000 -LEADER
fixed length control field 00838cam a22002414a 4500
005 - DATE AND TIME OF LATEST TRANSACTION
control field 20260322212018.0
008 - FIXED-LENGTH DATA ELEMENTS--GENERAL INFORMATION
fixed length control field data
010 ## - LIBRARY OF CONGRESS CONTROL NUMBER
LC control number 2008270898
020 ## - INTERNATIONAL STANDARD BOOK NUMBER
International Standard Book Number 9780767915472 (pbk.)
040 ## - CATALOGING SOURCE
Original cataloging agency DLC
Transcribing agency DLC
Modifying agency DLC
050 00 - LIBRARY OF CONGRESS CALL NUMBER
Classification number R853.H8
Item number W37 2006b
082 00 - DEWEY DECIMAL CLASSIFICATION NUMBER
Classification number 174.2/8
Edition information 22
096 ## - LOCALLY ASSIGNED NLM-TYPE CALL NUMBER (OCLC)
Classification number W20.55.H9 W374 2006
001 - CONTROL NUMBER
control field data
100 1# - MAIN ENTRY--PERSONAL NAME
Personal name Washington, Harriet A.
245 10 - TITLE STATEMENT
Title Medical apartheid :
Remainder of title the dark history of medical experimentation on Black Americans from colonial times to the present /
Statement of responsibility, etc. Harriet A. Washington.
250 ## - EDITION STATEMENT
Edition statement 1st pbk. ed.
260 ## - PUBLICATION, DISTRIBUTION, ETC.
Place of publication, distribution, etc. New York :
Name of publisher, distributor, etc. Harlem Moon,
Date of publication, distribution, etc. c2006.
300 ## - PHYSICAL DESCRIPTION
Extent x, 501 p. :
Other physical details ill. ;
Dimensions 21 cm.
504 ## - BIBLIOGRAPHY, ETC. NOTE
Bibliography, etc. note Includes bibliographical references (p. [465]-484) and index.
650 #0 - SUBJECT ADDED ENTRY--TOPICAL TERM
Topical term or geographic name entry element Human experimentation in medicine
Geographic subdivision United States
General subdivision History.
650 #0 - SUBJECT ADDED ENTRY--TOPICAL TERM
Topical term or geographic name entry element African Americans
General subdivision History.
-- History.
Holdings
Withdrawn status Lost status Damaged status Not for loan Home library Current library Shelving location Date acquired Total checkouts Full call number Barcode Date last seen Price effective from Koha item type
        Franklin Franklin General stacks 22/03/2026   174.2/8 22 BC0010418 22/03/2026 22/03/2026 Books